[Event "FRA-ch op-D"]
[Site "Albi"]
[Date "2022.08.20"]
[Round "8"]
[White "Roche, Philippe"]
[Black "Roux, Nathan"]
[Result "0-1"]
[WhiteElo "1548"]
[BlackElo "1486"]
[PlyCount "44"]
[EventDate "2022.08.13"]
[EventType "swiss"]
[EventRounds "9"]
[EventCountry "FRA"]
[SourceTitle "CBM 210 Extra"]
[Source "ChessBase"]
[SourceDate "2022.11.30"]
[SourceVersion "1"]
[SourceVersionDate "2022.11.30"]
[SourceQuality "1"]

1. e4 e5 2. Nf3 Nf6 3. Nxe5 d6 4. Nf3 Nxe4 5. d4 d5 6. Bd3 Bd6 7. 0-0 0-0 8. Re1 Bf5 9. Be3 Bg6 10. c3 c6 11. Qc2 f5 12. Bc1 Nd7 13. Nbd2 Ndf6 14. Ne5 Bxe5 15. dxe5 Ng4 16. Bxe4 fxe4 17. Qd1 Qh4 18. h3 Qxf2+ 19. Kh1 Qg3 20. Qxg4 Qxe1+ 21. Kh2 e3 22. Nb3 Rf1 0-1

[Event "Rochefort op-B 18th"]
[Site "Rochefort"]
[Date "2019.02.22"]
[Round "9"]
[White "Roche, Philippe"]
[Black "Delabbey, Florian"]
[Result "1-0"]
[WhiteElo "1643"]
[BlackElo "1902"]
[PlyCount "41"]
[EventDate "2019.02.16"]
[EventType "swiss"]
[EventRounds "9"]
[EventCountry "FRA"]
[SourceTitle "CBM 189 Extra"]
[Source "ChessBase"]
[SourceDate "2019.06.03"]
[SourceVersion "1"]
[SourceVersionDate "2019.06.03"]
[SourceQuality "1"]

1. e4 c5 2. Nf3 Nc6 3. d4 cxd4 4. Nxd4 g6 5. Nc3 Bg7 6. Be3 Nf6 7. Be2 0-0 8. Nb3 d6 9. 0-0 Be6 10. f4 Qc8 11. Kh1 Rd8 12. Bf3 Bc4 13. Rf2 b5 14. a3 Rb8 15. Rd2 Nd7 16. Bg4 Qc7 17. Bxd7 Rxd7 18. Nc5 b4 19. Nd5 Bxd5 20. Nxd7 Bxb2 21. Nxb8 1-0

[Event "Rochefort op-B 18th"]
[Site "Rochefort"]
[Date "2019.02.19"]
[Round "5"]
[White "Roche, Philippe"]
[Black "Dautheville, Simon"]
[Result "0-1"]
[WhiteElo "1643"]
[BlackElo "1756"]
[PlyCount "80"]
[EventDate "2019.02.16"]
[EventType "swiss"]
[EventRounds "9"]
[EventCountry "FRA"]
[SourceTitle "CBM 189 Extra"]
[Source "ChessBase"]
[SourceDate "2019.06.03"]
[SourceVersion "1"]
[SourceVersionDate "2019.06.03"]
[SourceQuality "1"]

1. e4 c5 2. Nf3 d6 3. d4 cxd4 4. Nxd4 Nf6 5. Nc3 a6 6. Be2 e5 7. Nb3 Be7 8. 0-0 b5 9. a3 Bb7 10. Bf3 0-0 11. Be3 Nbd7 12. Qe2 Nb6 13. Rad1 Qc7 14. Rd3 Nc4 15. Bc1 Rac8 16. Rfd1 Qb6 17. Be3 Qc6 18. Bc1 a5 19. Nd5 Nxd5 20. Rxd5 Qb6 21. R5d3 a4 22. Nd2 b4 23. Nxc4 Rxc4 24. Rxd6 Bxd6 25. Qxc4 Rc8 26. Qd3 bxa3 27. bxa3 Bc5 28. Qe2 Bd4 29. Be3 Rc3 30. Bxd4 exd4 31. Qd2 Rxa3 32. Qxd4 Qxd4 33. Rxd4 Ra1+ 34. Bd1 g6 35. f3 a3 36. Kf2 a2 37. Ra4 Bc6 38. Ra7 Rxd1 39. Rxa2 Rd2+ 40. Kg3 Bb5 0-1

[Event "Bordeaux City-ch"]
[Site "Bordeaux"]
[Date "2013.05.08"]
[Round "2"]
[White "Roche, Philippe"]
[Black "Quillien, Emmanuel"]
[Result "0-1"]
[WhiteElo "1760"]
[BlackElo "2161"]
[PlyCount "124"]
[EventDate "2013.05.08"]
[EventType "swiss"]
[EventRounds "9"]
[EventCountry "FRA"]
[SourceTitle "CBM 154 Extra"]
[Source "ChessBase"]
[SourceDate "2013.06.25"]
[SourceVersion "2"]
[SourceVersionDate "2013.06.25"]
[SourceQuality "1"]

1. e4 e5 2. Nf3 d6 3. Bc4 Be7 4. 0-0 Nf6 5. Nc3 0-0 6. d4 exd4 7. Nxd4 Re8 8. Re1 Bf8 9. Bg5 Nbd7 10. Qd2 h6 11. Bh4 Ne5 12. Be2 Ng6 13. Bxf6 Qxf6 14. Rad1 c6 15. b4 Bd7 16. a4 a6 17. Bf3 Rad8 18. b5 axb5 19. axb5 Ne5 20. bxc6 Nxf3+ 21. Nxf3 bxc6 22. Qd4 Qxd4 23. Rxd4 Be6 24. Red1 Ra8 25. h3 Reb8 26. Ne2 Rb2 27. R4d2 Raa2 28. c3 Be7 29. Rxb2 Rxb2 30. Rd2 Rb1+ 31. Kh2 Kf8 32. Nfd4 Bd7 33. Ng3 g6 34. f4 Bf6 35. f5 Ke7 36. fxg6 fxg6 37. Nge2 Be5+ 38. g3 Ra1 39. Nf4 Be8 40. Nd3 c5 41. Ne2 Bc6 42. Nf2 Ra3 43. c4 Re3 44. Ng4 Rxe4 45. Nxh6 Rxc4 46. Ng4 Ke6 47. Nxe5 Kxe5 48. Nf4 Be4 49. Re2 Kf5 50. Rf2 Ke5 51. h4 Rc1 52. Kh3 Bf5+ 53. g4 Be4 54. Kg3 Rg1+ 55. Ng2 Rxg2+ 56. Rxg2 Bxg2 57. Kxg2 c4 58. Kf3 d5 59. h5 gxh5 60. gxh5 Kf5 61. h6 Kg6 62. h7 Kxh7 0-1